Statistics for The most and less polluting countries

Click here to take the quiz!

General Stats

  • This quiz has been taken 84 times
  • The average score is 10 of 20

Answer Stats

HintAnswer% Correct
52% renewable sourcesSweden
91%
27% renewable sourcesDenmark
88%
65% renewable sourcesNorway
87%
37% renewable sourcesFinland
85%
28.52 CO2 tons/hab.Australia
68%
41.58 CO2 tons/hab.Qatar
61%
23.49 CO2 tons/hab.United Arab Emirates
57%
62,3 CO2 tons/hab.Kuwait
55%
25.23 CO2 tons/hab.Bahrain
52%
26% renewable sourcesEstonia
52%
37% renewable sourcesLatvia
49%
32.99 CO2 tons/hab.Oman
47%
33% renewable sourcesAustria
45%
26% renewable sourcesPortugal
36%
48.6 CO2 tons/hab.Brunei
25%
37% renewable sourcesCosta Rica
23%
29.62 CO2 tons/hab.Belize
9%
29% renewable sourcesTanzania
9%
28.37 CO2 tons/hab.Equatorial Guinea
5%
29.96 CO2 tons/hab.Trinidad and Tobago
5%

Score Distribution

Percentile by Number Answered

Percent of People with Each Score

Your Score History

You have not taken this quiz